| 000 -LEADER |
| fixed length control field |
00913nam a2200229Ia 4500 |
| 001 - CONTROL NUMBER |
| control field |
17708 |
| 003 - CONTROL NUMBER IDENTIFIER |
| control field |
GE_BSU |
| 008 - FIXED-LENGTH DATA ELEMENTS--GENERAL INFORMATION |
| fixed length control field |
181216s||||||||xx |||||||||||||| ||und|| |
| 020 ## - INTERNATIONAL STANDARD BOOK NUMBER |
| International Standard Book Number |
9789941455278 |
| 040 ## - CATALOGING SOURCE |
| Transcribing agency |
GE_BSU |
| 080 ## - UNIVERSAL DECIMAL CLASSIFICATION NUMBER |
| Universal Decimal Classification number |
582.3/.99+63 |
| 100 ## - MAIN ENTRY--PERSONAL NAME |
| Personal name |
ქობალია,ვ. |
| 245 ## - TITLE STATEMENT |
| Title |
მცენარეთა ოზოლირებული უჯრედებისა და ქსოვილების კულტურა |
| 245 ## - TITLE STATEMENT |
| Statement of responsibility, etc. |
რედ.რამაზ კილაძე |
| 260 ## - PUBLICATION, DISTRIBUTION, ETC. |
| Place of publication, distribution, etc. |
ქუთაისი |
| 260 ## - PUBLICATION, DISTRIBUTION, ETC. |
| Name of publisher, distributor, etc. |
აკაკი წერეთლის სახ. უნ-ტი |
| 260 ## - PUBLICATION, DISTRIBUTION, ETC. |
| Date of publication, distribution, etc. |
2015 |
| 300 ## - PHYSICAL DESCRIPTION |
| Extent |
210გვ.21სმ. ილ. |
| 300 ## - PHYSICAL DESCRIPTION |
| Accompanying material |
ბიბლ.გვ.207 |
| 653 ## - INDEX TERM--UNCONTROLLED |
| Uncontrolled term |
მცენარეთა ოზოლირებული უჯრედებისა და ქსოვილების კულტურა |
| 942 ## - ADDED ENTRY ELEMENTS (KOHA) |
| Koha item type |
წიგნი |